000
00298nam a22001337a 4500
008
181105b xxu||||| |||| 00| 0 eng d
020
_a
9780070363830
041
_a
eng
080
_2
5th
_a
371
100
_a
46
101
_a
EDU
245
_a
Reading and Study Skills
_c
Langan,J
942
_2
udc
_c
BK
999
_c
51830
_d
51830